书目信息 |
| 题名: |
民乐
|
|
| 作者: | 王长印 , 余芬兰 编著 | |
| 分册: | ||
| 出版信息: | 长春 吉林出版集团有限责任公司 2013.01 |
|
| 页数: | 127页 | |
| 开本: | 23cm | |
| 丛书名: | 中华优秀传统艺术丛书 | |
| 单 册: | ||
| 中图分类: | J607.2 , J632 | |
| 科图分类: | ||
| 主题词: | 民间音乐--介绍--中国 , 民族乐器--介绍--中国 , 民间音乐 , 民族乐器 | |
| 电子资源: | ||
| ISBN: | 978-7-5534-1365-5 | |
| 000 | 01032oam2 2200325 450 | |
| 001 | 012013109102 | |
| 005 | 20140609111433.31 | |
| 010 | @a978-7-5534-1365-5@dCNY23.80 | |
| 100 | @a20130605d2013 em y0chiy0110 ea | |
| 101 | 0 | @achi |
| 102 | @aCN@b220000 | |
| 105 | @aa z 000yy | |
| 106 | @ar | |
| 200 | 1 | @a民乐@9min le@f王长印,余芬兰编著 |
| 210 | @a长春@c吉林出版集团有限责任公司@d2013.01 | |
| 215 | @a127页@c图,照片@d23cm | |
| 225 | 2 | @a中华优秀传统艺术丛书 |
| 330 | @a本书主要内容包括:民乐;音律;音律起源;五度相生律;十二律;京房六十律;三百六十律;十二平均律;五音调与七音调;五旦七声;燕乐二十八调;七宫十二调等。 | |
| 333 | @a音乐爱好者 | |
| 461 | 0 | @12001 @a中华优秀传统艺术丛书 |
| 606 | 0 | @a民间音乐@x介绍@y中国 |
| 606 | 0 | @a民族乐器@x介绍@y中国 |
| 606 | 0 | @a民间音乐 |
| 606 | 0 | @a民族乐器 |
| 690 | @aJ607.2@v5 | |
| 690 | @aJ632@v5 | |
| 701 | 0 | @a王长印@9wang chang yin@4编著 |
| 701 | 0 | @a余芬兰@9yu fen lan@4编著 |
| 801 | 0 | @aCN@b人天书店@c20130605 |
| 905 | @b548241-45@dJ607.2@e610@f5 | |
| 民乐/王长印,余芬兰编著.-长春:吉林出版集团有限责任公司,2013.01 |
| 127页:图,照片;23cm.-(中华优秀传统艺术丛书) |
| 使用对象:音乐爱好者 |
| ISBN 978-7-5534-1365-5:CNY23.80 |
| 本书主要内容包括:民乐;音律;音律起源;五度相生律;十二律;京房六十律;三百六十律;十二平均律;五音调与七音调;五旦七声;燕乐二十八调;七宫十二调等。 |
| ● |
| 相关链接 |
|
|
|
|
正题名:民乐
索取号:J607.2/610
 
预约/预借
| 序号 | 登录号 | 条形码 | 馆藏地/架位号 | 状态 | 备注 |
| 1 | 548241 | 205482413 | 第一样本阅览室/ [索取号:J607.2/610] | 在馆 | |
| 2 | 548242 | 205482422 | 第一借阅区/ [索取号:J607.2/610] | 在馆 | |
| 3 | 548243 | 205482431 | 密集书库-音乐系/ [索取号:J607.2/610] | 在馆 | |
| 4 | 548244 | 205482440 | 第一借阅区/ [索取号:J607.2/610] | 在馆 | |
| 5 | 548245 | 205482459 | 第一借阅区/ [索取号:J607.2/610] | 在馆 |